000 01207nam2a2200253 4500
001 RU\NLR\bibl\1937897
005 20250616203018.0
010 _a978-5-346-02091-2
_bч. 2
_940000
021 _aRU
_b2012-57043
_94178
035 _a(NLR Aleph) 001927189
090 _a3385999
_c3385999
100 _a20120827d2012 |||y0rusy50 ca
101 0 _arus
102 _aRU
105 _aa |||||||||
200 1 _aЗадачник
_f[А.Г. Мордкович и др.]
_gпод ред. А.Г. Мордковича
210 _d2012
_aБ. м.
215 _a261, [4] с.
_cил.
461 0 _1001RU\NLR\bibl\1949402
_12001#$aАлгебра и начала математического анализа$vЧ. 2
_93533761
_aМордкович, А. Г. (1940-)
_cМосква
_d2012
_e6-е изд., стер.
_nМнемозина
_o11 класс : для учащихся общеобразовательных учреждений (профильный уровень) : А.Г. Мордкович, П.В. Семенов
_tАлгебра и начала математического анализа
_vЧ. 2
801 0 _aRU
_bNLR
_c20120827
_gRCR
801 1 _aRU
_bNLR
_c20120827
942 _cBOOK
980 _aNB